Real linear algebra

Αποθηκεύτηκε σε:
Λεπτομέρειες βιβλιογραφικής εγγραφής
Κύριος συγγραφέας: Fekete, Antal E.
Μορφή: Βιβλίο
Γλώσσα:English
Δημοσίευση: New York : M. Dekker, c1985
Σειρά:Monographs and textbooks in pure and applied mathematics ; ; 91
Θέματα:
Ετικέτες: Προσθήκη ετικέτας
Δεν υπάρχουν, Καταχωρήστε ετικέτα πρώτοι!

MARC

LEADER 00000cam a2200000 i 4500
001 1/52442
008 941103s1985 eng d
020 |a 0824772385 
035 |l 10044426 
035 |a 1993 
040 |a GR-MY-UA  |b gre  |e aacr 
041 0 |a eng 
082 0 |a 512.5 
100 1 |a Fekete, Antal E. 
245 1 0 |a Real linear algebra /  |c Antal E. Fekete 
260 |a New York :   |b M. Dekker,   |c c1985 
300 |a xxi, 426 p.;  |b ill.;  |c 24 cm 
490 1 |a Pure and Applied Mathematics: A series of monographs and textbooks  |v ; 91 
500 |a Includes index 
504 |a Bibliography: p. 413 
650 0 0 |a Algebras, Linear. 
830 0 |a Monographs and textbooks in pure and applied mathematics ;  |v ; 91 
852 |a INST  |b SAMOS  |e 19941103  |h 512.5 FEK  |p 005300007821  |q 005300007821  |t BK  |y 0 
909 |a Σ  |b 030328